000 00909nam a2200229Ia 4500
999 _c41528
_d41528
001 8195
003 GE_BSU
005 20221005105549.0
008 181216s1989ge xx |||||||||||||| ||geo||
040 _cGE_BSU
041 _ageo
080 _a821.353.1-1 დ-90
100 _aდუმბაძე,ნათელა.
_915048
245 _aწვიმის ფარდები :
_bლექსები /
_cნათელა დუმბაძე, რედ.ა.შონია, მხატვ. რ.ლომინაძე.
264 _aბათუმი :
_bსაბჭ.აჭარა,
_c1989.
300 _a36 გვ;
_b17 სმ.
653 _aლექსები.
653 _aწვიმის ფარდები.
700 _aშონია, ა
_eრედაქტორი
_92035
700 _aლომინაძე, რ
_eმხატვარი
_915049
942 _cBK
_2udc